00993pab a2200181 454500008004000000100001700040245006600057260000900123300001300132362001200145520042900157650004900586650005400635650003200689650002800721650001800749773004400767180718b1993 xxu||||| |||| 00| 0 eng d aDwivedi O.P. aPublic service reforms in Canada for the twenty-first century c1993 ap.46-66. aJan-Mar aWith a brief background of civil service reform effort in the past in Canada, the author focuses discussion on the latest effort embodied in Public Service 2000 report. He gives a detailed analytical account of the changes envisaged for the future through The Public Service Reform Act. He also briefly states both the advantages and the difficulties it is likely to create in government-civil service relations. Reproduced. aPublic Service Staff Relations Act -- Canada aPublic Service and Employment Act, 1967 -- Canada aCivil Service Act -- Canada aCivil Service -- Canada aCivil Service aIndian Journal of Public Administration